Statystyki dla Państwa na literę G

Kliknij tutaj aby rozwiązać quiz!

Ogólne statystyki

  • Ten quiz został rozwiązany 62 razy
  • Średni wynik to 9 z 11

Statystyki odpowiedzi

HintOdpowiedź% Poprawnych
EuropaGrecja
96%
Ameryka PołudniowaGujana
92%
AfrykaGwinea
92%
AfrykaGambia
87%
AfrykaGwinea Równikowa
87%
AzjaGruzja
85%
Ameryka PółnocnaGwatemala
79%
AfrykaGabon
77%
AfrykaGhana
77%
AfrykaGwinea Bissau
77%
Ameryka PółnocnaGrenada
70%

Rozkład punktacji

Percentyl według liczby udzielonych odpowiedzi

Procent ludzi z każdym wynikiem

Twoja historia wyników

Nie rozwiązałeś tego quizu